Two Word Countries - Statistics

General Stats
  • This quiz has been taken 48 times
  • The average score is 19 of 25
Answer Stats
Starts With Answer % Correct
S South Africa
93%
N North Korea
91%
S South Korea
91%
S South Sudan
91%
E East Timor
87%
U United Kingdom
87%
E El Salvador
85%
D Dominican Republic
83%
G Guinea Bissau
83%
V Vatican City
83%
S Solomon Islands
80%
C Cape Verde
78%
M Marshall Islands
78%
N New Zealand
78%
S Saudi Arabia
78%
C Costa Rica
76%
E Equatorial Guinea
72%
S Sri Lanka
72%
S San Marino
70%
C Czech Republic
65%
B Burkina Faso
59%
C Cote d'Ivoire
59%
S Saint Lucia
59%
S Sierra Leone
50%
T The Bahamas
17%
No matching quizzes found
Score Distribution
Percent of People with Each Score
Percentile by Number Answered
Your Score History
You have not taken this quiz